000 00498nam a22001817a 4500
003 OSt
005 20260425021557.0
008 260425b |||||||| |||| 00| 0 eng d
020 _a 0-451-52732-1
040 _aDWC-Admin lib
_cOC
082 _aFic. Sw55g 1999
100 _aSwift, Jonathan
245 _aGulliver's travels /
_cJonathan Swift
260 _a New York :
_b New American Library,
_cc1999.
300 _a311 p. ;
_c17 cm.
650 _a1. Novels
942 _2ddc
_cFIC.
_hFic.
_n0
999 _c9886
_d9886